Biometry / (Registro nro. 17952)

Detalles MARC
000 -CABECERA
Campo de control 00695nam a2200241 a 4500
005 - FECHA Y HORA DE LA ULTIMA TRANSACCION
Campo de control 20200104041736.0
008 - ELEMENTOS DE LONGITUD FIJA—INFORMACION GENERAL
Campo de control 160113t19691981-usd fr|||| 001 0 eng d
020 ## - ISBN
ISBN 0716712547
040 ## - FUENTE DE CATALOGACIÓN
Agencia catalogadora original CO-BoIAVH
Agencia transcriptora CO-BoIAVH
041 0# - IDIOMA
Código de idioma para texto/pista de sonido o título separado Inglés
044 ## - PAÍS DE PUBLICACIÓN
País de publicación Estados Unidos
082 04 - NUMERO DE CLASIFICACION DECIMAL DEWEY
Número de clasificación 570.15195
Número del ítem S68b
100 1# - ASIENTO PRINCIPAL--NOMBRE PERSONAL
Nombre personal Sokal, Robert R.
9 (RLIN) 3555
245 00 - MENCION DE TITULO
Título Biometry /
Mención de responsabilidad Robert R. Sokal, F. James Rohlf
250 ## - MENCION DE EDICION
Mención de edición Segunda edición
260 ## - PUBLICACION, DISTRIBUCION, ETC. (PIE DE IMPRENTA)
Lugar de publicación, distribución, etc. Estados Unidos :
Nombre del editor, distribuidor, etc. Freeman ,
Fecha de publicación, distribución, etc. c1969.
300 ## - DESCRIPCION FISICA
Extensión xviii, 859 páginas :
Otros detalles físicos Gráficos ;
Dimensiones 24 x 16 cm.
650 #6 - ASIENTO SECUNDARIO DE MATERIA - TERMINO TEMATICO
Término temático o nombre geográfico como elemento de entrada Biometría
9 (RLIN) 93
650 #6 - ASIENTO SECUNDARIO DE MATERIA - TERMINO TEMATICO
Término temático o nombre geográfico como elemento de entrada Análisis de datos
9 (RLIN) 17237
650 #6 - ASIENTO SECUNDARIO DE MATERIA - TERMINO TEMATICO
Término temático o nombre geográfico como elemento de entrada Estadística
9 (RLIN) 94
700 1# - ASIENTO SECUNDARIO - NOMBRE PERSONAL
Nombre personal Rohlf, F. James
9 (RLIN) 3552
942 ## - ELEMENTOS ADICIONALES (KOHA)
Sistema de clasificación Dewey Decimal Classification
Tipo de ítem Libro
Existencias
Withdrawn status Lost status Sistema de Clasificación Damaged status No para préstamo Colección Inventariado Ubicación Permanente Ubicación actual Fecha de adquisición Fuente de Valor Valor Total Checkouts Número topográfico Inventario / Código de Barras Date last seen Price effective from Tipo de material
    Dewey Decimal Classification     General Inventariado 2017 Bogotá Bogotá 13/01/2016 Instituto 39000.00   LB-570.15195 S68b 042166 13/01/2016 13/01/2016 Libro